书目信息 |
| 题名: |
水化学
|
|
| 作者: | 王凯雄 编著 | |
| 分册: | ||
| 出版信息: | 北京 化学工业出版社 2001.05 |
|
| 页数: | 342页 | |
| 开本: | 20cm | |
| 丛书名: | ||
| 单 册: | ||
| 中图分类: | O661.1 | |
| 科图分类: | ||
| 主题词: | 化学 | |
| 电子资源: | ||
| ISBN: | 7-5025-3174-2 | |
| 000 | 00532nam0 2200193 45 | |
| 001 | 0237296199 | |
| 005 | 2002032010213620 | |
| 010 | @a7-5025-3174-2@dRMB 28.00 | |
| 100 | @a20020320d2001 km y0chiy0120 ea | |
| 101 | 0 | @achi |
| 102 | @aCN@b110000 | |
| 200 | 1 | @a水化学@AShui Hua Xue@f王凯雄编著@FWang Kai Xiong Bian Zhu |
| 210 | @a北京@c化学工业出版社@d2001.05 | |
| 215 | @a342页@d20cm | |
| 606 | 0 | @a化学 |
| 690 | @aO661.1@v3 | |
| 701 | 0 | @a王凯雄@AWang Kai Xiong@4编著 |
| 801 | 0 | @aCN@bPFT@c20020320 |
| 905 | @a安徽大学@dO661.1@eW247 | |
| 水化学/王凯雄编著.-北京:化学工业出版社,2001.05 |
| 342页;20cm |
| ISBN 7-5025-3174-2:RMB 28.00 |
| ● |
| 相关链接 |
|
|
|
正题名:水化学
索取号:O661.1/W247
 
预约/预借
| 序号 | 登录号 | 条形码 | 馆藏地/架位号 | 状态 | 备注 |
| 1 | 352871 | 203528717 | 自科库401/401自科库 66排3列2层/ [索取号:O661.1/W247] | 在馆 | |
| 2 | 352872 | 203528726 | 自科库401/401自科库 66排3列2层/ [索取号:O661.1/W247] | 在馆 | |
| 3 | 352873 | 203528735 | 自科库401/401自科库 66排3列2层/ [索取号:O661.1/W247] | 在馆 |